000 00877nam a2200301Ia 4500
001 76411
003 IT-RoPAU
008 130308s9999 xx 000 0 und d
040 _aIT-RoPAU
040 _cIT-RoPAU
041 _aINGLESE
100 _aEllingsworth Huber W.
100 _gCodice Aut. SPICS: 26571
245 2 _aA theory of Adaptation in Intercultural Dyads
245 _bTheories in Intercultural Communication
250 _a1a ed.
260 _aLONDON
260 _bSage Publications B.H.
260 _c1988 [1° Ed.:1988 - Ed.Ling.Originale:1988]
300 _a"21 p. (prefazione: no ; testo: 21 [pagine: 259-279])"
500 _aTeoria di Adattazione in Coppie Interculturali Fondamenti della Teoria
650 _aSAGGI DI ANTROPOLOGIA
650 _eCodice materia Spics: 3507
942 _cBK
957 _71
999 _c41864
_d41864
999 _bSI
999 _g1